000 01771cam a2200313 i 4500
003 SA-RiAUC
005 20260104133730.0
008 251230s1983 su g i 00000 ara c
040 _aSA-JeALM
_bara
_cSA-RiAUC
_erda
050 0 0 _bF33 1983
082 0 4 _a237.17016
_qSA-RiAUC
090 _a237.17016
_bس د ح
100 1 _aالسدحان، عبد العزيز بن محمد بن عبد الله،
_d1380 هجري-
_eمؤلف.
245 1 0 _aفهرس معجم الطبراني الصغير ؛
_bفهرس جامع بيان العلم وفضله وماينبعي في روايته وحمله لابن عبد البر /
_cعبد العزيز بن محمد السدحان.
250 _aالطبعة الأولى.
264 1 _aالرياض :
_bمكتبة دار اليقين،
_c1983
300 _a24 + 9 صفحة ؛
_c24 سم
336 _aنص
_btxt
_2rdacontent
_3كتاب
337 _aبدون وسيط
_bn
_2rdamedia
600 1 7 _aابن عبد البر، يوسف بن عبد الله بن محمد،
_d368-463 هجري
_2aucnm
600 1 7 _aالطبراني، سليمان بن أحمد بن أيوب،
_d260-360 هجري
_2aucnm
650 7 _aالحديث
_xكتب الطبراني
_vكشافات
_2aucsh
650 7 _aالحديث
_xجوامع الفنون
_vكشافات
_2aucsh
650 7 _aالحديث
_vكشافات
_2aucsh
700 1 2 _iكشاف لـ :
_aابن عبد البر، يوسف بن عبد الله بن محمد،
_d368-463 هجري.
_tجامع بيان العلم وفضله وماينبعي في روايته وحمله
700 1 2 _iكشاف لـ :
_aالطبراني، سليمان بن أحمد بن أيوب،
_d260-360 هجري.
_tالمعجم الصغير
942 _2ddc
_cBOOK
_n0
949 _aSA-JeALM
_d251230
_uosman123
_n1
999 _c13880
_d13880